Online
Catalog

Emigrado de la luna y otros asuntos / (Record no. 1273)

MARC details
000 -CABECERA
campo de control de longitud fija 00563cam a2200181 a 4500
001 - NÚMERO DE CONTROL
campo de control 000001344
005 - FECHA Y HORA DE LA ÚLTIMA TRANSACCIÓN
campo de control 20200929145541.0
008 - DATOS DE LONGITUD FIJA--INFORMACIÓN GENERAL
campo de control de longitud fija 770601s1976 ag 001 p spa
040 ## - FUENTE DE LA CATALOGACIÓN
Centro catalogador/agencia de origen DO-SdBNP
Lengua de catalogación spa
Centro/agencia transcriptor BNPHU
082 ## - NÚMERO DE LA CLASIFICACIÓN DECIMAL DEWEY
Número de clasificación Ar861.44
Número de documento/Ítem C235e
100 1# - ENTRADA PRINCIPAL--NOMBRE DE PERSONA
Nombre de persona Cao, Omar,
Fechas asociadas al nombre 1948-
9 (RLIN) 4515
245 10 - MENCIÓN DE TÍTULO
Título Emigrado de la luna y otros asuntos /
Mención de responsabilidad, etc. Omar Cao.
260 ## - PUBLICACIÓN, DISTRIBUCIÓN, ETC.
Lugar de publicación, distribución, etc. Rosario, Argentina :
Nombre del editor, distribuidor, etc. El Lagrimal Trifurca,
Fecha de publicación, distribución, etc. 1976.
300 ## - DESCRIPCIÓN FÍSICA
Extensión 87 p. ;
Dimensiones 17 cm.
440 #0 - MENCIÓN DE SERIE/PUNTO DE ACCESO ADICIONAL--TÍTULO
Título El Búho encantado ;
Designación de volumen o secuencia no. 8
9 (RLIN) 4516
650 #4 - PUNTO DE ACCESO ADICIONAL DE MATERIA--TÉRMINO DE MATERIA
Término de materia o nombre geográfico como elemento de entrada Poesía argentina
9 (RLIN) 3859
650 #4 - PUNTO DE ACCESO ADICIONAL DE MATERIA--TÉRMINO DE MATERIA
Término de materia o nombre geográfico como elemento de entrada Literatura argentina
9 (RLIN) 3860
Holdings
Estado de retiro Estado de pérdida Restricciones de uso No para préstamo Código de colección Localización permanente Ubicación/localización actual Ubicación en estantería Fecha de adquisición Número de inventario Total de préstamos Signatura topográfica completa Código de barras Fecha visto por última vez Precio válido a partir de Tipo de ítem Koha
    Préstamo interno   Monografías: Libros y Folletos General General En catalogación 23.07.2009 LF1   Ar861.44 C235e 1344-10 25.06.2020 25.06.2020 Préstamo interno

Powered by Koha